000 00731nam a2200277Ia 4500
003 OSt
005 20220912151750.0
006 a|||||r|||| 00| 0
007 ta
008 220909b |||||||| |||| 00| 0 eng d
024 _a48774
037 _cTextual
040 _aCSL
_beng
_cCSL
041 _aeng
082 _aH4202, M7
100 _aPeryt Tadeusz M Ed.
245 0 _aEvaporite barins
260 _aBerlin
_bSpringer-Verlag
_c1987
300 _a188p.
_ccm.
490 _aLecture Notes in Earth Sciences; 13
500 _aIncludes bibliographical references
650 _a Sedimentary
650 _aGeology
942 _hH4202, M7
_cTEXL
_2CC
999 _c75021
_d75021